Click the actor to most famous movie 4 - Statistics

General Stats
  • This quiz has been taken 293 times
  • The average score is 12 of 15
Answer Stats
Hint Answer % Correct
Tobey Maguire Spiderman
93%
Keanu Reeves The Matrix
90%
Ryan Reynolds Deadpool
86%
Benedict Cumberbatch Doctor Strange
85%
Dakota Johnson Fifty shades of grey
85%
Orlando Bloom Lord of the rings
82%
Timothee Chalamet Dune
81%
Anna Kendrick Pitch Perfect
81%
Christian Bale American Psycho
80%
Jonah Hill 21 Jump Street
77%
Zoe Saldana Avatar
76%
Adam Driver Star Wars
70%
Florence Pugh Midsommar
69%
Jake Gyllenhaal Nightcrawler
64%
Alexandra Daddario Baywatch
63%
No matching quizzes found
Score Distribution
Percent of People with Each Score
Percentile by Number Answered
Your Score History
You have not taken this quiz